Normal view MARC view
  • Mumtaz, Faizan

Entry Personal Name

Number of records used in: 1

001 - CONTROL NUMBER

  • control field: 132766

003 - CONTROL NUMBER IDENTIFIER

  • control field: NUST

005 - DATE AND TIME OF LATEST TRANSACTION

  • control field: 20260116143707.0

008 - FIXED-LENGTH DATA ELEMENTS

  • fixed length control field: 260116|| aca||aabn | a|a d

040 ## - CATALOGING SOURCE

  • Original cataloging agency: NUST
  • Transcribing agency: NUST

100 ## - HEADING--PERSONAL NAME

  • Personal name: Mumtaz, Faizan

670 ## - SOURCE DATA FOUND

  • Source citation: Work cat.: (NUST): Mumtaz, Faizan, Ultra wideband high gain antenna with band notch characteristics /, June 2016
© 2023 Central Library, National University of Sciences and Technology. All Rights Reserved.